mysqli: Table './ulib62015/stat_globaluid' is marked as crashed and should be repaired
select id from stat_globaluid where statuid='20260517210813_2591'
mysqli: Table './ulib62015/stat_globaluid' is marked as crashed and should be repaired
DELETE FROM stat_globaluid
WHERE id NOT IN (
SELECT id
FROM (
SELECT id
FROM stat_globaluid
ORDER BY id DESC
LIMIT 100
) foo
);
mysqli: Table './ulib62015/stat_globaluid' is marked as crashed and should be repaired
insert into stat_globaluid set
statuid='20260517210813_2591',
dt='1779026893',
phpself='/ULIB62015/dublinfull.php',
agent='Mozilla/5.0 AppleWebKit/537.36 (KHTML, like Gecko; compatible; ClaudeBot/1.0; +claudebot@anthropic.com)',
yea='2026',
mon='5',
dat='17',
ip='216.73.216.45'
mysqli: Table './ulib62015/stathist_viewbib_bib_type' is marked as crashed and should be repaired
insert into stathist_viewbib_bib_type set
dat='17' ,
mon='05' ,
yea='2026' ,
statuid='20260517210813_2591' ,
head='13399121274' ,
foot='marc' ,
dt='1779026893'
| LEADER : 00000nam 2200000uu 4500 |
| 001 13399121274 |
| 003 ULIB |
| 008 150804s||||||||th 000 0 tha d |
| 020 ^a9781405157209 (alk.paper)
|
| 060 4 ^aWD300^bA434 2008
|
| 245 10 ^aAllergy and allergic diseases Volume 1 :^bthe Scientific basis of allergy/^cedited by A.B. Kay...[et al.]; foreword by K. Frank Austen
|
| 250 ^a2nd ed.
|
| 260 ^aOxford :^bBlackwell Science,^cc2008.
|
| 300 ^a 1 v. (xix, 1222 lvii p.) :^bill. ;^c29 cm.+ 1 compact disc (inc. 2 vol)
|
| 504 ^aIncludes bibliographical references and index
|
| 650 2 ^aAllergy^ximmunology
|
| 650 2 ^aAllergy
|
| 650 2 ^aHypersensitivity^ximmunology
|
| 650 2 ^aAllergens^ximmunology
|
| 650 2 ^aAsthma^ximmunology
|
| 650 2 ^aImmunotherapy
|
| 700 1 ^aKay, A.B.,^eed.
|
| 700 1 ^aKaplan, Allen P.^eed.
|
| 700 1 ^aBousquet, Jean^eed.
|
| 700 1 ^aHolt, Patrick G.^eed.
|
| 945 ^p7500^l0^i022381 |
| 999 ^a57066
|
| คุณยังไม่ได้ล็อกอิน คุณสามารถมีกิจกรรมร่วมกับเว็บไซต์ได้ แต่ต้องล็อกอินก่อน :: |
|
|
|
| ลำดับที่ |
ประเภท |
เลขเรียก/บาร์โค้ด |
สถานที่ |
สถานะ |
| 1. |
 หนังสือ | WD300 A434 2008 V.1 Barcode: 022381 | หนังสือทั่วไป | บนชั้น ขอยืม |
รายการใกล้เคียง
หัวเรื่อง [Allergy] หัวเรื่อง [Immunotherapy]
|
|
ยังไม่เคยถูกคอมเมนท์
|
| คอมเมนท์ทรัพยากรรายการนี้ |
|